000 01365nam a2200349 a 4500
001 000109714
003 CHAP
005 20220329144101.0
008 140521s2014 mx | |sm |||||||spa|d
010 _a106176
011 _a107148
040 _cCHAP
090 _aTesis
100 1 _aJuárez Ramírez, Rubén Arturo
_9126980
245 1 0 _aEstablecimiento de un centro ecoturístico en el Estado de Puebla
_h[En línea]
_cpor Rubén Arturo Juárez Ramírez y Teresa de Jesús Osorio Alonso.
260 _aChapingo, Méx. :
_bEl autor,
_c2014.
500 _aPara ver el contenido del material haga clic en la liga
502 _aTesis (Ing. Forestal Industrial) -- UACH. División de Ciencias Forestales
502 _aTesis (Ing. Forestal) -- UACH. División de Ciencias Forestales
590 _aBATCH-UPD
_b05
_c20141002
_lUCH01
_h0904
590 _aE792CSJ
_b05
_c20140521
_lUCH01
_h1135
590 _aE792CSJ
_b05
_c20140521
_lUCH01
_h1135
650 1 4 _aDesarrollo de la comunidad rural
_zPuebla.
_932044
650 1 4 _aDesarrollo sustentable
_zPuebla.
_9125861
650 1 4 _aEcoturismo
_zPuebla.
_9125862
650 1 4 _aRecursos naturales
_xConservación
_xPuebla.
_995249
700 1 _aOsorio Alonso, Teresa de Jesús
_9126981
856 _aFinding aid
_uhttp://10.13.5.2/tesis/sist109714.pdf
_zTeclea aquí
901 _aBK
942 _cTESIS
942 _n0
999 _c106176
_d106176